BCIS Occupancy cost report: refurbished/converted hospital facilities (Record no. 115312)

MARC details
000 -LEADER
fixed length control field 01462cam a22002535a 4500
001 - CONTROL NUMBER
control field L158448
008 - FIXED-LENGTH DATA ELEMENTS--GENERAL INFORMATION
fixed length control field 130116s2015 xxkad f 000 0 eng d
020 ## - INTERNATIONAL STANDARD BOOK NUMBER
International Standard Book Number 9781907196492
035 ## - SYSTEM CONTROL NUMBER
System control number (Sirsi) u158448
041 0# - LANGUAGE CODE
Language code of text/sound track or separate title eng
050 04 - LIBRARY OF CONGRESS CALL NUMBER
Classification number 690.24 $2 18
110 2# - MAIN ENTRY--CORPORATE NAME
Corporate name or jurisdiction name as entry element Building Cost Information Service
9 (RLIN) 1096
245 00 - TITLE STATEMENT
Title BCIS Occupancy cost report: refurbished/converted hospital facilities
Remainder of title Maintenance & operating costs
260 ## - PUBLICATION, DISTRIBUTION, ETC.
Place of publication, distribution, etc. London
Name of publisher, distributor, etc. BCIS
Date of publication, distribution, etc. 2015
300 ## - PHYSICAL DESCRIPTION
Extent 74p.
Dimensions 30cm.
490 #0 - SERIES STATEMENT
Series statement BCIS Special Report
520 ## - SUMMARY, ETC.
Summary, etc. Shows that total annual occupancy costs of converted hospital facilities can range from approximately £12,000 to almost £18,000 per 100m2 of floor area. Estimates the total occupancy costs of two refurbished or converted hospital wards or blocks. The first building is the refurbishment of a part two-storey and part single-storey hospital block, with the creation of a new x-ray unit. The building has a gross internal floor area of 817m2. Example 2 is the conversion of an open plan ward to a consulting and treatment suite, with a floor area of 406m2. Through the preparation and pricing of a schedule of occupancy tasks, estimates have been prepared for all anticipated costs over the first 20 years of the life of each building.
521 ## - TARGET AUDIENCE NOTE
Target audience note Advanced
650 ## - SUBJECT ADDED ENTRY--TOPICAL TERM
Topical term or geographic name entry element HOSPITAL BUILDINGS
651 #4 - SUBJECT ADDED ENTRY--GEOGRAPHIC NAME
Geographic name United Kingdom
Chronological subdivision
690 ## - LOCAL SUBJECT ADDED ENTRY--TOPICAL TERM (OCLC, RLIN)
Topical term or geographic name as entry element Commercial property
9 (RLIN) 6227
690 ## - LOCAL SUBJECT ADDED ENTRY--TOPICAL TERM (OCLC, RLIN)
Topical term or geographic name as entry element Facilities management
9 (RLIN) 6240
942 ## - ADDED ENTRY ELEMENTS (KOHA)
Suppress in OPAC 0
Holdings
Withdrawn status Lost status Source of classification or shelving scheme Damaged status Not for loan Home library Current library Shelving location Date acquired Total Checkouts Full call number Barcode Date last seen Copy number Price effective from Koha item type
    Dewey Decimal Classification     London London BCIS/BMI publications 02/03/2015   ENQUIRY DESK 30078784 06/08/2019 1 06/08/2019 Reference material
    Dewey Decimal Classification     London London BCIS/BMI publications 17/04/2015   ENQUIRY DESK 30078801 06/08/2019 2 06/08/2019 Reference material
    Dewey Decimal Classification     London London RICS Boxes 17/04/2015   RICS 2015/1 30078802 06/08/2019 1 06/08/2019 Archive